01131cam a2200229 a 4500020003100000040001900031082001900050100002100069245004900090250001200139260003600151300002700187500002000214504003200234505028500266520026400551546000800815650001900823650002300842650001800865650001800883 a0631162259 cTZS 19,393.05 aMULbengeAACR00a361.610941 HIL1 aHill, Michael J.10aUnderstanding social policy /cMichael Hill. a3rd ed. aOxford :bB. Blackwell,cc1988. aviii, 227 p. ;c23 cm. aIncludes index. aBibliography: p. [215]-223. a 1. What is Social Policy? ; 2. The History of Social Policy ; 3. The Making of Social Policy ; 4. Implementation ; 5. Social Security ; 6. The Personal Social Services ; 7. The Health Service ; 8. Education ; 9. Employment Services ; 10. Housing ; 11. Social Policy and Society ; aThe third edition of Michael Hill's "Understanding Social Policy" is a substantial revision of this successful text. Recent information on policy changes is included and full consideration is given to the ways in which the terms of policy debate have changed. aeng 0aWelfare state. 0aWelfare economics. 0aSocial policy 0aWelfare state